000 00530cam a2200205ua 4500
001 9309
005 20260515114442.0
008 150302n ii |||gr||||Z||||||eng
020 _a8123719787
040 _cMAIN
041 _aeng
082 _a820
100 _aGeorge, K. M.,
_eEditor.,
245 1 _aMasterpieces of Indian literature :
_bVOL I /
_cEdited by K. M. George .
250 _a1st.
260 _aNew Delhi:
_bNational,
_c1998.
300 _axxx,788p.
653 _aEnglish.& Old English literatures
942 _cBK
999 _c8366
_d8366